Finančná a ekonomická analýza
Enregistré dans:
| Auteur principal: | |
|---|---|
| Format: | Livre |
| Langue: | slovaque |
| Publié: |
Bratislava
Milan Štefanko - IRIS
2005
|
| Sujets: | |
| Tags: |
Pas de tags, Soyez le premier à ajouter un tag!
|
MARC
| LEADER | 00000nam$a2200000$$$4500 | ||
|---|---|---|---|
| 001 | 0061237 | ||
| 005 | 20240502071702.4 | ||
| 020 | |a 80-89018-90-4 | ||
| 041 | 0 | |a slo | |
| 044 | |a SK | ||
| 245 | 1 | 0 | |a Finančná a ekonomická analýza |c Július Alexy |
| 264 | 1 | |a Bratislava |b Milan Štefanko - IRIS |c 2005 | |
| 300 | |a 121 s. | ||
| 610 | 2 | 0 | |a analýza finančná |
| 610 | 2 | 0 | |a analýza ekonomická |
| 610 | 2 | 0 | |a podnik |
| 100 | 1 | |a Alexy, Július, 1926-2024 | |